Anglicko-slovenský slovensko-anglický právnický slovník /

Salvato in:
Dettagli Bibliografici
Autore principale: Franko, Štefan (Autore)
Natura: Libro
Lingua:inglese
Pubblicazione: Prešov : Slovacontact, 1995
Edizione:1.vyd.
Tags: Aggiungi Tag
Nessun Tag, puoi essere il primo ad aggiungerne!!

MARC

LEADER 00000nam a22000003a 4500
001 stu32920
005 20150617225732.1
008 960110s1995----xo------------------eng-d
020 |a 80-901417-8-1 
040 |a STU  |b slo 
041 0 |a eng 
044 |a xo 
080 |a 801.323=20=854 
080 |a 340 
100 1 |a Franko, Štefan  |4 aut 
245 1 |a Anglicko-slovenský slovensko-anglický právnický slovník /  |c [aut.] Franko,Štefan 
250 |a 1.vyd. 
260 |a Prešov :  |b Slovacontact,  |c 1995 
300 |a 394 s 
996 |b J92743  |c J*92743  |l JJST  |s P  |a 0  |w stu32920_0001